000 00592nam a2200217Ia 4500
005 20260115173014.0
008 008 260114s9999 xx 000 0 eng d
020 _a9781529210750
037 _aEBOOK
040 _aCRL
_beng
_cCRL
041 _aeng
_2eng
084 _qCRL
100 _aJones et al
_9881277
245 0 _aMental Health and Wellbeing in the Legal Profession
260 _bBristol University Press
260 _bCambridge University Press
260 _c2021
856 _uhttps://doi.org/10.46692/9781529210750
942 _cEBOOK
999 _c1479884
_d1479884